Odd One Out - Entertainment Quiz Stats

 Plays Quiz Updated Oct 8, 2018

Support Sporcle.
Go Orange.
Score 0/10 Timer 05:00
0 Plays Today
Question Answer Wrong Answers
Which of these is not a Batman villain? Bender is not a Batman villain
78.8%
Mad Hatter
15%
The Penguin
1.5%
Poison Ivy
4.5%
Which of these is not a Tony-winning musical? Telly Savallas is not a Tony-winning musical
69.3%
Cats
2.6%
Hairspray
2.1%
South Pacific
16.9%
Which of these is not an award constituting EGOT? Coraline is not an award
58.2%
Emmy (Rossum)
11.9%
Oscar (de la Hoya)
9.6%
Tony (the Tiger)
18.9%
Which of these is not one of the X-Men? Toothless is not one of the X-Men
55.7%
Angel
19.6%
Cyclops
7.4%
Wolverine
8.6%
Which of these is not an inhabitant of Duckburg? Viola Davis does not live in Duckberg
54.5%
Daisy
8.6%
Donald
23.7%
Scrooge
10.7%
Which of these is not a member of the Rat Pack? Coffee is not a member of the Rat Pack
53.5%
Joey BISHOP
15.8%
Sammy DAVIS jr. (Bette Davis)
13.1%
Dean MARTIN
13.7%
Which of these is not a muppet? Uncle Fester is not a muppet
52.3%
Beaker
7.3%
Camilla (Parker-Bowles)
25.3%
Scooter
6.7%
Which of these is not a show business family? Faucet is not a showbusiness family
47.7%
Bridges
5.1%
Marx
21.8%
Phoenix
17.6%
Which of these is not a syndicated newspaper comic strip? Subway is not a comic strip
46.1%
Cul-de-sac
19.7%
(James) Garfield
23.5%
Peanuts
3.9%
Which of these is not a stand-up comic (Top 50 All Time according to Rolling Stone)? Salad is not a stand-up comic
35.8%
Lenny BRUCE (Bruce Willis)
37.7%
Joan RIVERS
8.4%
Sarah SILVERMAN
12.5%

You're not logged in!

Compare scores with friends on all Sporcle quizzes.
OR
Log In

From the Vault

Tom Hanks Movies

by Matt

Fun fact: Tom Hanks is the most likable person in the entire world.
Remove Ads.
Support Sporcle.
Get the best of Sporcle when you Go Orange. This ad-free experience offers more features, more stats, and more fun while also helping to support Sporcle. Thank you for becoming a member.

Show Comments

Extras

Top Quizzes Today


Score Distribution

Your Account Isn't Verified!

In order to create a playlist on Sporcle, you need to verify the email address you used during registration. Go to your Sporcle Settings to finish the process.

Report this User

Report this user for behavior that violates our Community Guidelines.

Details: